[Event "Vaxjo op"]
[Site "Vaxjo"]
[Date "2015.02.13"]
[Round "1"]
[White "Kastrati, Anton"]
[Black "Sandgren, Per Olov"]
[Result "0-1"]
[WhiteElo "1170"]
[BlackElo "1555"]
[PlyCount "42"]
[EventDate "2015.02.13"]
[EventType "swiss"]
[EventRounds "8"]
[EventCountry "SWE"]
[SourceTitle "CBM 164 Extra"]
[Source "ChessBase"]
[SourceDate "2015.03.02"]
[SourceVersion "1"]
[SourceVersionDate "2015.03.02"]
[SourceQuality "1"]

1. e4 e5 2. Nf3 Nc6 3. d4 exd4 4. Nxd4 Bc5 5. Be3 d6 6. Nxc6 bxc6 7. Bxc5 dxc5 8. Qxd8+ Kxd8 9. Bc4 Be6 10. Na3 Rb8 11. 0-0-0+ Ke7 12. Bxe6 fxe6 13. Nc4 Rb4 14. b3 Nf6 15. f3 Rd8 16. Ne5 Rb6 17. Rxd8 Kxd8 18. Rd1+ Ke7 19. Nc4 Rb8 20. Ne5 Rb4 21. Nxc6+ Kf7 0-1

[Event "Vaxjo op"]
[Site "Vaxjo"]
[Date "2015.02.13"]
[Round "4"]
[White "Sandgren, Per Olov"]
[Black "Sorensen, Alva"]
[Result "0-1"]
[WhiteElo "1555"]
[BlackElo "1348"]
[PlyCount "50"]
[EventDate "2015.02.13"]
[EventType "swiss"]
[EventRounds "8"]
[EventCountry "SWE"]
[SourceTitle "CBM 164 Extra"]
[Source "ChessBase"]
[SourceDate "2015.03.02"]
[SourceVersion "1"]
[SourceVersionDate "2015.03.02"]
[SourceQuality "1"]

1. e4 d5 2. exd5 Qxd5 3. Nc3 Qa5 4. Nf3 Nf6 5. d4 c6 6. Bd2 Nbd7 7. Nb5 Qd8 8. Nc3 e6 9. Bg5 Bb4 10. Qd2 h6 11. Bh4 Qa5 12. Bc4 Ne4 13. Qe3 Nxc3 14. 0-0 Nd5 15. Bxd5 Qxd5 16. Qf4 Bd6 17. Qg4 0-0 18. Qh3 Qf5 19. g4 Qxc2 20. Bg5 Qg6 21. Be3 Nf6 22. g5 e5 23. Kh1 Bxh3 24. Rg1 Qe4 25. gxh6 Qxf3+ 0-1